ADVANCED CONCRETE TECHNOLOGY / (Record no. 588510)

000 -LEADER
fixed length control field 00385nam a22001457a 4500
020 ## - INTERNATIONAL STANDARD BOOK NUMBER
Qualifying information HB.
040 ## - CATALOGING SOURCE
Transcribing agency FIZZA ISHAQ
082 ## - DEWEY DECIMAL CLASSIFICATION NUMBER
Classification number 624.183
Author Mark JOH
100 ## - MAIN ENTRY--PERSONAL NAME
Personal name COTGRAVE,ALISON RILEY MIKE.
9 (RLIN) 90152
245 ## - TITLE STATEMENT
Title ADVANCED CONCRETE TECHNOLOGY /
Statement of responsibility, etc. JOHN NEWMAN B S CHOO.
250 ## - EDITION STATEMENT
Edition statement 1st ED.
260 ## - PUBLICATION, DISTRIBUTION, ETC.
Place of publication, distribution, etc. LONDON ;
Name of publisher, distributor, etc. BUTTERWORTH HEINEMANN,
Date of publication, distribution, etc. 2003.
300 ## - PHYSICAL DESCRIPTION
Extent 1419 P. ;
942 ## - ADDED ENTRY ELEMENTS (KOHA)
Source of classification or shelving scheme
Koha item type Book
Holdings
Withdrawn status Lost status Source of classification or shelving scheme Damaged status Not for loan Permanent Location Current Location Date acquired Total Checkouts Full call number Barcode Date last seen Price effective from Koha item type
          NUST Baluchistan Campus (NBC) NUST Baluchistan Campus (NBC) 03/02/2022   624.183 JOH Q-2629 03/02/2022 03/02/2022 Book
© 2023 Central Library, National University of Sciences and Technology. All Rights Reserved.